000 00637nam a2200181 i 4500
001 71017
003 ES-MaACL
005 20230906171007.0
007 t|
008 040804s1947 sp ||||1| spa d
100 1 _aGasparini, Mario.
_955892
245 1 0 _aC.M. Trigueros y una refundición de la "Angélica", de Metartasio /
_cMario Gasparini.
260 _aMadrid :
_b[s.n.,
_c1947] (
_fImp. Aguirre)
300 _a5 h. ;
_c25 cm.
500 _aSeparata del Boletín de la Real Academia Española, tomo XXVI, cuaderno CXX, págs. 137-146.
740 0 _aBoletín de la Real Academia Española.
852 _aES-MaACL
_j1580-F-6
_bR.24031
999 _c71017
_d71017